Traktory a automobily 3 Pracovné vlastnosti mobilných energetických prostriedkov. Určené pre smer MECH

Bibliographic Details
Main Authors: Semetko, Jozef, 1939- (Author), Drabant, Štefan, 1944- (Author), Žikla, Anton (Author)
Format: Book
Language:Slovak
Published: Nitra Vysoká škola poľnohospodárska 1980
Edition:1. vyd.
Series:Vysokoškolské učebné texty
Subjects:

MARC

LEADER 00000nam a2200000 a 4500
001 vtls001101768
003 SK-MaSNL
005 20260301111352.0
008 250414s1980 xo 0 slo
015 |a SNBA1981/06 
035 |a SNK000044610 
040 |a SNK  |b slo  |c SNK  |e AACR2 
041 0 |a slo 
044 |a xo  |c SK 
080 |a 629.113+629.114.2(075.8)  |2 1981 
080 |a 629.114.2(075.8)  |2 1981 
100 1 |a Semetko, Jozef,  |d 1939-  |4 aut  |9 38962 
245 1 0 |a Traktory a automobily 3  |b Pracovné vlastnosti mobilných energetických prostriedkov. Určené pre smer MECH  |c Jozef Semetko ; Štefan Drabant, Anton Žikla 
250 |a 1. vyd. 
260 |a Nitra  |b Vysoká škola poľnohospodárska  |c 1980  |e Nitra  |f Edičné oddelenie VŠP 
300 |a 375 s., 23,89 AH  |b Tb. Sch. Grafy.  |c 29 cm 
366 |e 300 výtl. 
490 1 |a Vysokoškolské učebné texty 
504 |a Obsahuje bibliografiu 
650 0 7 |a traktory  |2 SNKPH  |9 26007 
655 7 |a učebnice vysokých škôl  |2 SNKPH  |9 70191 
700 1 |a Drabant, Štefan,  |d 1944-  |4 aut  |9 114371 
700 1 |a Žikla, Anton  |4 aut  |9 280015 
830 0 |a Vysokoškolské učebné texty  |9 276539 
852 |a Slovenská národná knižnica 
954 |a traktory  |a automobily nákladné 
958 |a OND 
958 |a NB 
958 |a RM 
958 |a UV 
999 |c 706721  |d 708651 
952 |a SNK  |b SNK  |y PREZ  |7 0  |p 17A0943093  |o snkSB 25443/3  |0 0  |1 0  |4 0  |d 2012-07-25  |f 1  |l 0  |r 2025-03-28 00:00:00  |w 2026-02-23 
952 |t P60, <04>, [BOOK], {604}  |a SNK  |b SNK  |y VYP  |7 0  |p 17A0255791  |o snkSB 25443/3 D1  |0 0  |1 0  |4 0  |d 2000-10-25  |l 0  |r 2004-12-31 00:00:00  |w 2026-02-23